Statistics for Largest Cities in the United States - Map Quiz

Click here to take the quiz!

General Stats

  • This quiz has been taken 960 times
  • The average score is 41 of 53

Answers on the Map

Answers color-coded by a green-red scale on the quiz's map according to % correct below.
 

Answer Stats

Answer% Correct
Atlanta
93%
Chicago
93%
New York City
92%
Miami
91%
Seattle
90%
Los Angeles
89%
Denver
88%
Portland
88%
Boston
87%
Las Vegas
87%
Minneapolis
86%
Phoenix
86%
Detroit
85%
Houston
85%
Philadelphia
85%
Indianapolis
83%
San Diego
83%
Oklahoma City
82%
San Francisco
82%
Tampa
82%
New Orleans
81%
Orlando
81%
Dallas
80%
Pittsburgh
80%
Milwaukee
79%
Sacramento
79%
Salt Lake City
79%
Washington, D.C.
79%
Jacksonville
78%
Kansas City
78%
Baltimore
77%
Cleveland
77%
St. Louis
77%
Nashville
76%
Charlotte
74%
Austin
73%
Birmingham
73%
Memphis
73%
Cincinnati
72%
Virginia Beach
72%
Columbus
71%
Providence
71%
San Antonio
70%
San Jose
70%
Louisville
69%
Richmond
69%
Tucson
69%
Hartford
68%
Buffalo
67%
Raleigh
64%
Grand Rapids
63%
Riverside
61%
Rochester
58%

Score Distribution

Percentile by Number Answered

Percent of People with Each Score

Your Score History

You have not taken this quiz